[Event "Ct. Girona indiv. Absolut"]
[Site "Sant Gregori/Girona/Blanes"]
[Date "2014.10.19"]
[Round "3"]
[White "Huici Bentue, D."]
[Black "Castillo Fernandez, C."]
[Result "1/2-1/2"]
[WhiteElo "2148"]
[BlackElo "2243"]
[PlyCount "66"]
[EventDate "2014.??.??"]
[EventType "swiss"]
[EventRounds "9"]
[EventCountry "ESP"]

1. e4 Nc6 2. Nf3 Nf6 3. Nc3 d5 4. exd5 Nxd5 5. Bc4 Be6 6. Nxd5 Bxd5 7. Qe2 Nb4
8. d4 e6 9. Bxd5 Qxd5 10. a3 Nc6 11. c4 Qd6 12. d5 Nd8 13. dxe6 Qxe6 14. Be3
Be7 15. Nd4 Qe4 16. O-O O-O 17. Rad1 Ne6 18. Nxe6 Qxe6 19. Qc2 Rfd8 20. Bd4 Bf6
21. Rfe1 Qc6 22. Qc3 Bxd4 23. Rxd4 Rxd4 24. Qxd4 Re8 25. Rxe8+ Qxe8 26. h3 b6
27. c5 h6 28. Kh2 g6 29. Kg3 Qc6 30. b4 a5 31. cxb6 cxb6 32. bxa5 Qc7+ 33. Kf3
bxa5 1/2-1/2

[Event "Ct. Girona indiv. Absolut"]
[Site "Sant Gregori/Girona/Blanes"]
[Date "2014.10.19"]
[Round "3"]
[White "Mallol Descarrega, G."]
[Black "Otones Lopez, A."]
[Result "0-1"]
[WhiteElo "1871"]
[BlackElo "1981"]
[PlyCount "92"]
[EventDate "2014.??.??"]
[EventType "swiss"]
[EventRounds "9"]
[EventCountry "ESP"]

1. e4 c5 2. Nf3 e6 3. d4 cxd4 4. Nxd4 Nf6 5. Bd3 Bb4+ 6. Bd2 Qb6 7. Nb3 Nc6 8.
Bxb4 Qxb4+ 9. c3 Qb6 10. N1d2 Ne5 11. Nf3 Nxd3+ 12. Qxd3 d5 13. exd5 Nxd5 14.
O-O O-O 15. Ng5 f5 16. Qd4 Qc7 17. Nc5 Qe7 18. Ngxe6 Bxe6 19. Rfe1 Nc7 20. Nxe6
Nxe6 21. Qc4 Rf6 22. Re5 Qc7 23. Qxc7 Nxc7 24. Re7 Rf7 25. Rae1 Rd8 26. g3 Kf8
27. Rxf7+ Kxf7 28. Re5 g6 29. Rc5 Rd7 30. Kg2 Ne6 31. Rb5 a6 32. Rb6 Nc5 33.
Kf3 Na4 34. Rb4 b5 35. Ke3 Nb6 36. Rd4 Nc4+ 37. Kd3 Nxb2+ 38. Ke3 Nc4+ 39. Kd3
Rxd4+ 40. Kxd4 Ke6 41. a4 Kd6 42. axb5 axb5 43. f4 Nb6 44. h4 h5 45. Kd3 Kd5
46. Ke3 Kc4 0-1

[Event "Ct. Girona indiv. Absolut"]
[Site "Sant Gregori/Girona/Blanes"]
[Date "2014.10.19"]
[Round "3"]
[White "Mestres Ramon, P."]
[Black "Balague Camps, M."]
[Result "0-1"]
[WhiteElo "2000"]
[BlackElo "2207"]
[PlyCount "48"]
[EventDate "2014.??.??"]
[EventType "swiss"]
[EventRounds "9"]
[EventCountry "ESP"]

1. e4 c5 2. c3 d5 3. exd5 Qxd5 4. Nf3 Nf6 5. d4 Bg4 6. Be2 e6 7. h3 Bh5 8. Bf4
Nc6 9. O-O Be7 10. dxc5 Bxc5 11. Qxd5 Nxd5 12. Bh2 Rd8 13. Nbd2 Nf6 14. Nb3 Bb6
15. Rad1 Ke7 16. Rxd8 Rxd8 17. Rd1 Rxd1+ 18. Bxd1 Ne4 19. Nbd4 Nxd4 20. cxd4 f6
21. Bc2 Bxf3 22. gxf3 Ng5 23. f4 Nf3+ 24. Kg2 Ne1+ 0-1

[Event "Ct. Girona indiv. Absolut"]
[Site "Sant Gregori/Girona/Blanes"]
[Date "2014.10.19"]
[Round "3"]
[White "Molina Carretero, D."]
[Black "Gonzalez Escudero, J."]
[Result "1-0"]
[WhiteElo "2217"]
[BlackElo "1992"]
[PlyCount "81"]
[EventDate "2014.??.??"]
[EventType "swiss"]
[EventRounds "9"]
[EventCountry "ESP"]

1. e4 e6 2. b3 d5 3. Bb2 Nf6 4. e5 Nfd7 5. Qg4 c5 6. f4 Nc6 7. Nf3 g6 8. Be2 b6
9. O-O h5 10. Qg3 Ne7 11. Na3 Nf5 12. Qf2 a6 13. c3 Bb7 14. Nc2 Be7 15. d4 cxd4
16. cxd4 Rc8 17. Rac1 Nb8 18. Bd3 Nh6 19. Ne3 Nc6 20. Bb1 Nf5 21. g3 Nxe3 22.
Qxe3 Nb4 23. Ng5 Rxc1 24. Rxc1 Qd7 25. a3 Nc6 26. Qd3 Rg8 27. b4 b5 28. h4 Na7
29. Qc3 Nc6 30. Kf2 Kf8 31. g4 hxg4 32. Qg3 Na7 33. Qxg4 Nc8 34. h5 Bxg5 35.
fxg5 Ne7 36. h6 Rh8 37. Rc5 Nf5 38. Qf4 Qe7 39. Kf3 Kg8 40. Qc1 Nh4+ 41. Kg3
1-0

[Event "Ct. Girona indiv. Absolut"]
[Site "Sant Gregori/Girona/Blanes"]
[Date "2014.10.19"]
[Round "3"]
[White "Pinsach Gelabert, A."]
[Black "Mogro Flores, S."]
[Result "1-0"]
[WhiteElo "2302"]
[BlackElo "2159"]
[PlyCount "73"]
[EventDate "2014.??.??"]
[EventType "swiss"]
[EventRounds "9"]
[EventCountry "ESP"]

1. e4 b6 2. d4 e6 3. Nf3 Bb7 4. Bd3 Nf6 5. Nbd2 Be7 6. O-O d5 7. e5 Nfd7 8. c3
Ba6 9. Bxa6 Nxa6 10. Qe2 Nab8 11. Re1 c5 12. Nf1 Nc6 13. g3 Rc8 14. h4 h6 15.
Ne3 cxd4 16. cxd4 Na5 17. Nh2 Rc7 18. Qg4 g6 19. h5 Nf8 20. Bd2 Nc4 21. Nxc4
Rxc4 22. Nf3 g5 23. Rac1 Qc7 24. b3 Rc2 25. Red1 Ba3 26. Rxc2 Qxc2 27. Ne1 Qxa2
28. Qf3 Be7 29. Qc3 Qa6 30. Qc6+ Nd7 31. Rc1 Bd8 32. Bb4 g4 33. Qa8 Qb5 34. Rc8
Qxb4 35. Rxd8+ Ke7 36. Rxh8 Qxe1+ 37. Kg2 1-0

[Event "Ct. Girona indiv. Absolut"]
[Site "Sant Gregori/Girona/Blanes"]
[Date "2014.10.19"]
[Round "3"]
[White "Ramirez Garcia, L."]
[Black "Alejo Alvarez, R."]
[Result "1/2-1/2"]
[WhiteElo "1931"]
[BlackElo "2124"]
[PlyCount "32"]
[EventDate "2014.??.??"]
[EventType "swiss"]
[EventRounds "9"]
[EventCountry "ESP"]

1. e4 e5 2. Nf3 Nf6 3. Nxe5 d6 4. Nf3 Nxe4 5. Qe2 Qe7 6. d3 Nf6 7. Qxe7+ Bxe7
8. Nc3 Bg4 9. Be2 Nc6 10. a3 O-O-O 11. Be3 d5 12. d4 a6 13. O-O-O Bxf3 14. Bxf3
h6 15. Bf4 Bd6 16. Bxd6 Rxd6 1/2-1/2

[Event "Ct. Girona indiv. Absolut"]
[Site "Sant Gregori/Girona/Blanes"]
[Date "2014.10.19"]
[Round "3"]
[White "Salagran Ferragut, G."]
[Black "Domenech Plana, J."]
[Result "0-1"]
[WhiteElo "2168"]
[BlackElo "2315"]
[PlyCount "62"]
[EventDate "2014.??.??"]
[EventType "swiss"]
[EventRounds "9"]
[EventCountry "ESP"]

1. e4 e5 2. Nf3 Nc6 3. Bb5 Nge7 4. O-O Ng6 5. c3 Nh4 6. Nxh4 Qxh4 7. d4 exd4 8.
cxd4 Bb4 9. a3 Ba5 10. b4 Bb6 11. Bb2 O-O 12. d5 Ne7 13. Bd3 d6 14. Nd2 f5 15.
g3 Qh3 16. Nc4 f4 17. Qf3 Bg4 18. Qg2 Qh5 19. gxf4 Ng6 20. f5 Nf4 21. Qg3 Nxd3
22. Nxb6 axb6 23. f3 Nxb2 24. fxg4 Qe8 25. Qc3 Na4 26. Qc4 b5 27. Qxc7 Qxe4 28.
Rae1 Qxg4+ 29. Kh1 Rxf5 30. Rg1 Qf3+ 31. Rg2 Rg5 0-1

[Event "Ct. Girona indiv. Absolut"]
[Site "Sant Gregori/Girona/Blanes"]
[Date "2014.10.19"]
[Round "3"]
[White "Torres Camps, A."]
[Black "Serra Canals, O."]
[Result "0-1"]
[WhiteElo "1893"]
[BlackElo "2168"]
[PlyCount "148"]
[EventDate "2014.??.??"]
[EventType "swiss"]
[EventRounds "9"]
[EventCountry "ESP"]

1. d4 e6 2. c4 d5 3. Nc3 Be7 4. cxd5 exd5 5. Bf4 c6 6. Qc2 Bd6 7. Bxd6 Qxd6 8.
e3 Ne7 9. Bd3 g6 10. Nge2 Bf5 11. O-O Bxd3 12. Qxd3 O-O 13. f3 f6 14. e4 Nd7
15. Ng3 Kg7 16. Rae1 Rae8 17. Re2 h5 18. Rfe1 h4 19. Nf1 Rf7 20. e5 fxe5 21.
dxe5 Qc5+ 22. Kh1 Nf8 23. Ne3 Ne6 24. Ng4 Nf5 25. Qd2 Rh8 26. Ne3 Ned4 27.
Nxf5+ Nxf5 28. Rf2 b5 29. h3 Re8 30. Nd1 Rfe7 31. f4 Ng3+ 32. Kh2 Ne4 33. Qc2
Qb6 34. Rfe2 Ng3 35. Qd2 Qc5 36. Re3 d4 37. Rf3 Qd5 38. Nf2 c5 39. Ng4 Qe6 40.
f5 Nxf5 41. Qg5 Rf7 42. Ref1 Ref8 43. Rxf5 Rxf5 44. Rxf5 Rxf5 45. Qh6+ Kg8 46.
Qxh4 Rxe5 47. Nxe5 Qxe5+ 48. Kg1 Qd6 49. Kf1 d3 50. Ke1 c4 51. Kd1 Qd5 52. Qg3
Qh5+ 53. Kd2 Qe2+ 54. Kc3 Qc2+ 55. Kd4 Qxb2+ 56. Ke3 Qc1+ 57. Ke4 Qh6 58. Qb8+
Kh7 59. Qxa7+ Qg7 60. Qa5 Qe7+ 61. Kf3 b4 62. Qd5 Qe2+ 63. Kg3 Qe3+ 64. Kg4
Qe2+ 65. Kg3 Qe3+ 66. Kg4 Kh6 67. Qd6 Qe4+ 68. Kg3 Qe3+ 69. Kg4 Qg5+ 70. Kf3
Qf5+ 71. Kg3 c3 72. Qb8 Qg5+ 73. Kh2 Qf6 74. Qe8 d2 0-1

[Event "Ct. Girona indiv. Absolut"]
[Site "Sant Gregori/Girona/Blanes"]
[Date "2014.10.19"]
[Round "3"]
[White "Vidal Zamora, A."]
[Black "Campo Echevarria, JF."]
[Result "1-0"]
[WhiteElo "2391"]
[BlackElo "2171"]
[PlyCount "69"]
[EventDate "2014.??.??"]
[EventType "swiss"]
[EventRounds "9"]
[EventCountry "ESP"]

1. d4 e6 2. c4 d5 3. Nc3 Be7 4. Bf4 Nf6 5. e3 O-O 6. Bd3 dxc4 7. Bxc4 c5 8.
dxc5 Bxc5 9. Qxd8 Rxd8 10. Rd1 Rxd1+ 11. Kxd1 Nc6 12. Nf3 b6 13. Ke2 Bb7 14.
Rd1 Rd8 15. Rxd8+ Nxd8 16. Nb5 a6 17. Nd6 Bd5 18. Bxa6 Bxa2 19. Nc8 Nc6 20. Bb5
Ne7 21. Nxe7+ Bxe7 22. Nd2 Nd5 23. Be5 f6 24. Bb8 Kf7 25. e4 Nb4 26. Bc4 Bc5
27. Bxa2 Nxa2 28. Nb3 Be7 29. Bc7 b5 30. Nd4 b4 31. Nb3 Ke8 32. Kd3 Kd7 33. Bf4
e5 34. Be3 Kc6 35. Kc2 1-0

[Event "Ct. Girona indiv. Absolut"]
[Site "Sant Gregori/Girona/Blanes"]
[Date "2014.10.26"]
[Round "4"]
[White "Alejo Alvarez, R."]
[Black "Massaguer Soles, F."]
[Result "1/2-1/2"]
[WhiteElo "2124"]
[BlackElo "1926"]
[PlyCount "42"]
[EventDate "2014.??.??"]
[EventType "swiss"]
[EventRounds "9"]
[EventCountry "ESP"]

1. f4 d5 2. Nf3 Nc6 3. e3 a6 4. b3 Nf6 5. Bb2 e6 6. Be2 Bd6 7. O-O Bd7 8. c4
Qe7 9. d4 Qf8 10. a3 Na7 11. c5 Be7 12. Nc3 Nb5 13. Na4 g6 14. Ne5 Bc6 15. Qe1
Nd7 16. Nd3 Bf6 17. g4 Qe7 18. g5 Bg7 19. Qg3 O-O 20. h4 f6 21. Nf2 f5 1/2-1/2

[Event "Ct. Girona indiv. Absolut"]
[Site "Sant Gregori/Girona/Blanes"]
[Date "2014.10.26"]
[Round "4"]
[White "Balague Camps, M."]
[Black "Pinsach Gelabert, A."]
[Result "1/2-1/2"]
[WhiteElo "2207"]
[BlackElo "2302"]
[PlyCount "81"]
[EventDate "2014.??.??"]
[EventType "swiss"]
[EventRounds "9"]
[EventCountry "ESP"]

1. d4 d5 2. c4 e6 3. Nc3 c5 4. cxd5 exd5 5. Nf3 Nc6 6. g3 Nf6 7. Bg2 Be7 8. O-O
O-O 9. Bg5 c4 10. Ne5 Be6 11. b3 h6 12. Nxc6 bxc6 13. Bxf6 Bxf6 14. bxc4 dxc4
15. e3 Qa5 16. Rc1 Rac8 17. Qa4 Qxa4 18. Nxa4 Be7 19. Nb2 Ba3 20. Rc2 Bxb2 21.
Rxb2 Rc7 22. Rc1 Rd8 23. Rd2 g5 24. h3 Kg7 25. g4 Kf6 26. Bf3 a5 27. Rc3 Rb8
28. Be4 Bd5 29. Bf5 Re7 30. f3 Bxf3 31. Rf2 Bd5 32. e4 Be6 33. Bxe6+ Kxe6 34.
Kg2 Rb4 35. Rfc2 Kd6 36. Kf3 Reb7 37. Ke3 f6 38. Rf2 Ke6 39. Rfc2 Kd6 40. Rf2
Ke6 41. Rfc2 1/2-1/2

[Event "Ct. Girona indiv. Absolut"]
[Site "Sant Gregori/Girona/Blanes"]
[Date "2014.10.26"]
[Round "4"]
[White "Bonavia Heredia, F."]
[Black "Badosa Romanyo, A."]
[Result "1-0"]
[WhiteElo "1958"]
[BlackElo "2000"]
[PlyCount "119"]
[EventDate "2014.??.??"]
[EventType "swiss"]
[EventRounds "9"]
[EventCountry "ESP"]

1. d4 Nf6 2. c4 d5 3. Nd2 g6 4. g3 Bg7 5. Bg2 O-O 6. Ngf3 c6 7. O-O Nbd7 8. b3
e5 9. dxe5 Ng4 10. cxd5 Ndxe5 11. Rb1 cxd5 12. Bb2 Qa5 13. a4 Nxf3+ 14. Nxf3
Nf6 15. b4 Qd8 16. Nd4 Qe7 17. Qd3 Re8 18. Ba1 Bd7 19. b5 Rac8 20. Rbc1 Ne4 21.
e3 Qb4 22. Qb3 Qd6 23. Qd3 Qb4 24. Qb3 Qd6 25. Rfd1 Be6 26. Nxe6 Rxc1 27. Rxc1
Bxa1 28. Bxe4 dxe4 29. Rxa1 Qxe6 30. Qxe6 Rxe6 31. Rd1 a6 32. Rd7 Rb6 33. bxa6
Rxa6 34. Rd4 f5 35. Kg2 Ra5 36. g4 b5 37. Rd5 Rxa4 38. Rxb5 fxg4 39. Rg5 Ra6
40. Rxg4 Re6 41. h4 Re5 42. Kg3 Kg7 43. Rf4 g5 44. hxg5 Kg6 45. Kh4 Rxg5 46.
Rxe4 Rh5+ 47. Kg3 Kf5 48. Rf4+ Ke5 49. Ra4 Rh1 50. Rh4 Rg1+ 51. Kf3 Rg7 52.
Rh5+ Ke6 53. Ke4 Kf6 54. f4 Re7+ 55. Kf3 Kg6 56. Ra5 h5 57. e4 h4 58. Rg5+ Kh6
59. e5 Re6 60. Kg4 1-0

[Event "Ct. Girona indiv. Absolut"]
[Site "Sant Gregori/Girona/Blanes"]
[Date "2014.10.26"]
[Round "4"]
[White "Caballero Maytin, J."]
[Black "Alejo Alvarez, MA."]
[Result "1-0"]
[WhiteElo "2148"]
[BlackElo "1956"]
[PlyCount "41"]
[EventDate "2014.??.??"]
[EventType "swiss"]
[EventRounds "9"]
[EventCountry "ESP"]

1. e4 a6 2. d4 b5 3. c4 Bb7 4. f3 e6 5. cxb5 c5 6. Be3 cxd4 7. Bxd4 axb5 8.
Bxb5 Nc6 9. Bxc6 Bxc6 10. Ne2 Nf6 11. O-O Be7 12. Nbc3 O-O 13. a3 Qb8 14. Ng3
e5 15. Nf5 Re8 16. Nxe7+ Rxe7 17. Bc5 Re8 18. b4 Qb7 19. b5 Bxb5 20. Rb1 Qc6
21. Rxb5 1-0

[Event "Ct. Girona indiv. Absolut"]
[Site "Sant Gregori/Girona/Blanes"]
[Date "2014.10.26"]
[Round "4"]
[White "Campo Echevarria, JF."]
[Black "Estevez Montilla, F."]
[Result "1-0"]
[WhiteElo "2171"]
[BlackElo "1973"]
[PlyCount "95"]
[EventDate "2014.??.??"]
[EventType "swiss"]
[EventRounds "9"]
[EventCountry "ESP"]

1. d4 Nf6 2. c4 e6 3. Nf3 d5 4. g3 Be7 5. Bg2 O-O 6. O-O c6 7. Nc3 dxc4 8. Ne5
Nbd7 9. Nxc4 Nb6 10. Ne5 Nfd7 11. Nd3 Nf6 12. e3 Nbd5 13. Qc2 Nb4 14. Nxb4 Bxb4
15. a3 Be7 16. b4 Bd7 17. Bd2 Rc8 18. Rfd1 Qc7 19. Rac1 Qb8 20. e4 e5 21. dxe5
Qxe5 22. Be3 Qh5 23. f3 Be6 24. Ne2 Qb5 25. Nd4 Qa6 26. Nxe6 fxe6 27. Qb3 c5
28. bxc5 Rfd8 29. Rxd8+ Rxd8 30. Bf1 Qc6 31. Bb5 Qc8 32. Kg2 Kf8 33. a4 e5 34.
a5 Qc7 35. a6 bxa6 36. Bxa6 Rb8 37. Qc2 Qa5 38. Be2 Rc8 39. c6 Rc7 40. Qc4 Ne8
41. Rb1 Qa3 42. Bf2 a5 43. Bb6 Qd6 44. Bxc7 Nxc7 45. Rd1 Qe6 46. Rd7 Qxc4 47.
Bxc4 Na8 48. c7 1-0

[Event "Ct. Girona indiv. Absolut"]
[Site "Sant Gregori/Girona/Blanes"]
[Date "2014.10.26"]
[Round "4"]
[White "Castillo Fernandez, C."]
[Black "Ramirez Garcia, L."]
[Result "1/2-1/2"]
[WhiteElo "2243"]
[BlackElo "1931"]
[PlyCount "59"]
[EventDate "2014.??.??"]
[EventType "swiss"]
[EventRounds "9"]
[EventCountry "ESP"]

1. Nf3 Nf6 2. g3 g6 3. Bg2 Bg7 4. O-O O-O 5. c4 d6 6. Nc3 c5 7. d4 cxd4 8. Nxd4
Nbd7 9. Nb3 Rb8 10. Be3 b6 11. Nd4 Bb7 12. h3 a6 13. Bxb7 Rxb7 14. Nd5 Nxd5 15.
cxd5 Nf6 16. Rc1 Qd7 17. Bg5 Qxh3 18. Bxf6 Bxf6 19. Qd3 h5 20. Nf3 a5 21. b3
Qd7 22. Rc6 Kg7 23. Kg2 Qg4 24. Rfc1 h4 25. R1c4 h3+ 26. Kh2 Qd7 27. Qe3 b5 28.
Rc2 Qf5 29. Qd3 Qxd3 30. exd3 1/2-1/2

[Event "Ct. Girona indiv. Absolut"]
[Site "Sant Gregori/Girona/Blanes"]
[Date "2014.10.26"]
[Round "4"]
[White "Domenech Plana, J."]
[Black "Diaz Muñoz, S."]
[Result "1-0"]
[WhiteElo "2315"]
[BlackElo "2172"]
[PlyCount "63"]
[EventDate "2014.??.??"]
[EventType "swiss"]
[EventRounds "9"]
[EventCountry "ESP"]

1. c4 c5 2. Nc3 Nc6 3. d3 e6 4. e4 Nd4 5. Nge2 Ne7 6. Nxd4 cxd4 7. Ne2 Nc6 8.
a3 b5 9. b4 Rb8 10. cxb5 Rxb5 11. Bd2 a5 12. bxa5 Rxa5 13. a4 Ra8 14. f4 d6 15.
Ng3 Be7 16. Be2 O-O 17. O-O Bd7 18. f5 Bg5 19. Nh5 Bxd2 20. Qxd2 f6 21. Bd1 e5
22. Rf3 Be8 23. Rh3 Qa5 24. Bb3+ Kh8 25. Qd1 Ra7 26. Rg3 Qc3 27. Rh3 Bf7 28.
Bxf7 Rfxf7 29. Rc1 Qb2 30. Rxc6 Rac7 31. Rc4 Rxc4 32. dxc4 1-0

[Event "Ct. Girona indiv. Absolut"]
[Site "Sant Gregori/Girona/Blanes"]
[Date "2014.10.26"]
[Round "4"]
[White "Gallart Vila, J."]
[Black "Mestres Ramon, P."]
[Result "0-1"]
[WhiteElo "1929"]
[BlackElo "2000"]
[PlyCount "57"]
[EventDate "2014.??.??"]
[EventType "swiss"]
[EventRounds "9"]
[EventCountry "ESP"]

1. e4 d5 2. e5 c5 3. d4 cxd4 4. Qxd4 Nc6 5. Bb5 Bf5 6. c4 a6 7. Bxc6+ bxc6 8.
Nc3 e6 9. cxd5 cxd5 10. Nf3 Ne7 11. Bg5 h6 12. Be3 Nc6 13. Qa4 Qd7 14. Rc1 Nb4
15. Qxd7+ Kxd7 16. O-O Nd3 17. Rc2 Be7 18. Na4 Bd8 19. Rd2 Ba5 20. Rxd3 Bxd3
21. Nc5+ Ke7 22. Nxd3 Rac8 23. b4 Bd8 24. Bc5+ (24. Nc5) 24... Ke8 25. Nf4 Be7
26. Rc1 a5 27. a3 axb4 28. axb4 Bxc5 29. bxc5 0-1

[Event "Ct. Girona indiv. Absolut"]
[Site "Sant Gregori/Girona/Blanes"]
[Date "2014.10.26"]
[Round "4"]
[White "Gonzalez Escudero, J."]
[Black "Carramiñana Puig, J."]
[Result "1-0"]
[WhiteElo "1992"]
[BlackElo "1925"]
[PlyCount "89"]
[EventDate "2014.??.??"]
[EventType "swiss"]
[EventRounds "9"]
[EventCountry "ESP"]

1. e4 e6 2. Nf3 c5 3. d4 cxd4 4. c3 Nf6 5. e5 Nd5 6. Qxd4 Nc6 7. Qe4 Qb6 8. Bd3
f5 9. exf6 Nxf6 10. Qh4 Ne7 11. O-O Qc5 12. Nd4 a6 13. Bg5 Ng6 14. Bxg6+ hxg6
15. Qxh8 Qxg5 16. a4 b6 17. Nf3 Qh5 18. Qxh5 gxh5 19. Nbd2 Bb7 20. Nc4 Bxf3 21.
gxf3 Rb8 22. Ne5 Bd6 23. Rfe1 Rc8 24. Rad1 Bb8 25. Rd4 Rc5 26. f4 g5 27. b4
Rxc3 28. fxg5 Bxe5 29. Rxe5 Ng4 30. Re2 Ke7 31. Red2 d5 32. R2d3 Rc2 33. Rf3
Kd6 34. h3 Ne5 35. Rf6 Rc7 36. Kf1 Rg7 37. h4 Nd7 38. Rh6 Ke5 39. Rd2 Kf5 40.
Rxh5 Ne5 41. Rh6 Nf3 42. Rd3 Nh2+ 43. Ke2 Ng4 44. Rh8 Ne5 45. Rf8+ 1-0

[Event "Ct. Girona indiv. Absolut"]
[Site "Sant Gregori/Girona/Blanes"]
[Date "2014.10.26"]
[Round "4"]
[White "Mogro Flores, S."]
[Black "Alabert Vidal, M."]
[Result "1-0"]
[WhiteElo "2159"]
[BlackElo "1964"]
[PlyCount "100"]
[EventDate "2014.??.??"]
[EventType "swiss"]
[EventRounds "9"]
[EventCountry "ESP"]

1. e4 c5 2. Nf3 e6 3. c4 d6 4. Nc3 Nc6 5. d4 cxd4 6. Nxd4 a6 7. Be3 Nf6 8. Be2
Be7 9. Nxc6 bxc6 10. g4 d5 11. exd5 exd5 12. g5 Ne4 13. Nxe4 dxe4 14. Qa4 O-O
15. Rd1 Qc7 16. c5 Bf5 17. h4 Rab8 18. Rd2 Qe5 19. Qc2 Rfd8 20. Rxd8+ Bxd8 21.
b3 Qa1+ 22. Qd1 Qxa2 23. O-O Bh3 24. Bc4 Ba5 25. Qd6 Rd8 26. Qe7 Rf8 27. Qe5
Bc7 28. Qxc7 Bxf1 29. Bxf1 Qxb3 30. Bxa6 Qd1+ 31. Kh2 Qg4 32. Qg3 Qe6 33. Be2
f5 34. gxf6 Qxf6 35. Qg5 Qb2 36. Bc4+ Kh8 37. Bf7 Qb8+ 38. Bf4 Qb7 39. Be6 Qb2
40. Qg3 Qf6 41. Be5 Qxf2+ 42. Qxf2 Rxf2+ 43. Kg1 Rc2 44. Bd6 e3 45. Kf1 Rf2+
46. Ke1 Rb2 47. Bd7 Kg8 48. Be6+ Kh8 49. h5 h6 50. Bf7 Ra2 1-0

[Event "Ct. Girona indiv. Absolut"]
[Site "Sant Gregori/Girona/Blanes"]
[Date "2014.10.26"]
[Round "4"]
[White "Molina Carretero, D."]
[Black "Vidal Zamora, A."]
[Result "0-1"]
[WhiteElo "2217"]
[BlackElo "2391"]
[PlyCount "92"]
[EventDate "2014.??.??"]
[EventType "swiss"]
[EventRounds "9"]
[EventCountry "ESP"]

1. e4 e6 2. d4 d5 3. e5 c5 4. c3 Nc6 5. Nf3 Qb6 6. Bd3 cxd4 7. cxd4 Bd7 8. O-O
Nxd4 9. Nbd2 Nc6 10. Nb3 Nge7 11. Be3 Qc7 12. Rc1 Ng6 13. Nbd4 Qb8 14. Bb5 Be7
15. Qa4 O-O 16. Nxc6 bxc6 17. Bxc6 Bxc6 18. Rxc6 Nxe5 19. Nxe5 Qxe5 20. Rfc1
Qxb2 21. Rc7 Bf6 22. Qc6 d4 23. Qxa8 Qxc1+ 24. Bxc1 Rxa8 25. Kf1 Bd8 26. Rd7
Bb6 27. Bb2 e5 28. f4 exf4 29. Bxd4 h6 30. Ke2 Bxd4 31. Rxd4 g5 32. Kf3 Kg7 33.
Rd7 a5 34. h4 Ra6 35. Kg4 Kg6 36. Rd5 f5+ 37. Kf3 a4 38. Rd8 Re6 39. hxg5 hxg5
40. Rd2 Re3+ 41. Kf2 Ra3 42. Rc2 Kh5 43. Kg1 Kg4 44. Kf2 Rd3 45. Rb2 a3 46. Rc2
Rd1 0-1

[Event "Ct. Girona indiv. Absolut"]
[Site "Sant Gregori/Girona/Blanes"]
[Date "2014.10.26"]
[Round "4"]
[White "Otones Lopez, A."]
[Black "Foix Breto, A."]
[Result "1-0"]
[WhiteElo "1981"]
[BlackElo "1887"]
[PlyCount "61"]
[EventDate "2014.??.??"]
[EventType "swiss"]
[EventRounds "9"]
[EventCountry "ESP"]

1. d4 Nf6 2. Bg5 e6 3. e4 c5 4. e5 h6 5. Bc1 Nd5 6. Nf3 Nc6 7. c4 Nb6 8. d5 Na5
9. b3 d6 10. Bd2 Nd7 11. dxe6 fxe6 12. exd6 Bxd6 13. Bc3 Nf6 14. Bd3 O-O 15.
O-O Nc6 16. Re1 Qc7 17. Nbd2 Bd7 18. Bxf6 gxf6 19. Ne4 Be7 20. Nh4 f5 21. Qh5
Be8 22. Qxh6 Bxh4 23. Qxh4 fxe4 24. Rxe4 Rf7 25. Rxe6 Rg7 26. Rae1 Bd7 27. Rh6
Re8 28. Rh8+ Kf7 29. Qh5+ Kf6 30. Qf3+ Kg5 31. h4# 1-0

[Event "Ct. Girona indiv. Absolut"]
[Site "Sant Gregori/Girona/Blanes"]
[Date "2014.10.26"]
[Round "4"]
[White "Sole Benagues, J."]
[Black "Rodriguez Navarro, I."]
[Result "0-1"]
[WhiteElo "1920"]
[BlackElo "1878"]
[PlyCount "132"]
[EventDate "2014.??.??"]
[EventType "swiss"]
[EventRounds "9"]
[EventCountry "ESP"]

1. d4 d5 2. c4 e6 3. Nc3 Nf6 4. Bg5 Be7 5. Nf3 O-O 6. e3 Nbd7 7. Bd3 dxc4 8.
Bxc4 c5 9. O-O Nb6 10. Bb3 cxd4 11. Nxd4 h6 12. Bh4 a6 13. Qf3 Rb8 14. Rad1 Qe8
15. Ne4 Nxe4 16. Bxe7 Qxe7 17. Qxe4 Nd7 18. Bc2 Nf6 19. Qe5 Nd7 20. Qe4 Nf6 21.
Qh4 e5 22. Ne2 Bg4 23. f3 Qc5 24. Bb3 Qxe3+ 25. Rf2 Bh5 26. Ng3 Bg6 27. Nf1 Qc5
28. Kh1 Rbd8 29. Rfd2 Rxd2 30. Rxd2 Qc1 31. Qf2 Rc8 32. Rd1 Qc5 33. Qxc5 Rxc5
34. Kg1 Kf8 35. Kf2 Ke7 36. Ne3 b5 37. Rd2 Nd7 38. Nd5+ Ke8 39. Ne3 f6 40. Bd1
Nb6 41. b3 Ke7 42. Bc2 Bxc2 43. Rxc2 Rxc2+ 44. Nxc2 a5 45. Ne3 Ke6 46. Ke2 Nd5
47. Nd1 Nf4+ 48. Kf2 Nd3+ 49. Ke3 Nc1 50. a3 Nxb3 51. Nc3 Nd4 52. Kd3 Kd6 53.
f4 Kc6 54. fxe5 fxe5 55. Ke4 Kd6 56. Kd3 b4 57. axb4 axb4 58. Ne4+ Kd5 59. Nd2
g6 60. h3 Nf5 61. Nb3 Nd6 62. g4 e4+ 63. Ke3 g5 64. Nd2 Nc4+ 65. Ke2 Nxd2 66.
Kxd2 Kd4 0-1

[Event "Ct. Girona indiv. Absolut"]
[Site "Sant Gregori/Girona/Blanes"]
[Date "2014.10.26"]
[Round "4"]
[White "Vilar Lopez, M."]
[Black "Huici Bentue, D."]
[Result "1-0"]
[WhiteElo "2220"]
[BlackElo "2148"]
[PlyCount "79"]
[EventDate "2014.??.??"]
[EventType "swiss"]
[EventRounds "9"]
[EventCountry "ESP"]

1. e4 c5 2. Nc3 Nc6 3. g3 g6 4. Bg2 Bg7 5. d3 d6 6. f4 e6 7. Nf3 Rb8 8. Be3 Nd4
9. O-O Ne7 10. Qd2 O-O 11. Nd1 b5 12. c3 Ndc6 13. d4 d5 14. Nf2 c4 15. e5 Nf5
16. g4 Nxe3 17. Qxe3 h6 18. Nh1 b4 19. Rf2 Re8 20. Ng3 Re7 21. f5 exf5 22. gxf5
f6 23. Nh4 fxe5 24. f6 Re6 25. fxg7 Kxg7 26. Raf1 Rb7 27. Qf3 Rd6 28. Qf8+ Qxf8
29. Rxf8 Rc7 30. Nh5+ gxh5 31. Rxc8 Rxc8 32. Nf5+ Kg6 33. Nxd6 Rd8 34. Nf7 Rd7
35. Nxe5+ Nxe5 36. dxe5 bxc3 37. bxc3 d4 38. cxd4 Rxd4 39. e6 Rd2 40. Be4+ 1-0

[Event "Ct. Girona indiv. Absolut"]
[Site "Sant Gregori/Girona/Blanes"]
[Date "2014.10.26"]
[Round "4"]
[White "Zamora Alarcon, J."]
[Black "Dalmas Porqueres, JA."]
[Result "1-0"]
[WhiteElo "1987"]
[BlackElo "1917"]
[PlyCount "39"]
[EventDate "2014.??.??"]
[EventType "swiss"]
[EventRounds "9"]
[EventCountry "ESP"]

1. e4 d5 2. exd5 Nf6 3. d4 Nxd5 4. c4 Nb6 5. Be3 Bf5 6. Bd3 Bxd3 7. Qxd3 e6 8.
Nc3 N8d7 9. O-O-O Be7 10. f4 Nf6 11. h3 Qd7 12. Nf3 O-O-O 13. Ne5 Qe8 14. g4
Nfd7 15. Qe2 Nxe5 16. dxe5 Qc6 17. b3 Ba3+ 18. Kc2 Bb4 19. Rhf1 Bxc3 20. Kxc3
1-0

[Event "Ct. Girona indiv. Absolut"]
[Site "Sant Gregori/Girona/Blanes"]
[Date "2014.11.02"]
[Round "5"]
[White "Balague Camps, M."]
[Black "Aymerich Verdaguer, E."]
[Result "0-1"]
[WhiteElo "2207"]
[BlackElo "2242"]
[PlyCount "94"]
[EventDate "2014.??.??"]
[EventType "swiss"]
[EventRounds "9"]
[EventCountry "ESP"]

1. e4 c5 2. Nf3 e6 3. d4 cxd4 4. Nxd4 Nc6 5. Nc3 Qc7 6. Be3 Nf6 7. Qf3 a6 8.
O-O-O Bb4 9. Nxc6 bxc6 10. Bd4 Be7 11. Qg3 Qxg3 12. hxg3 d5 13. Bd3 h6 14. f3
O-O 15. Rde1 Bb7 16. Na4 Nd7 17. Nb6 Rad8 18. exd5 cxd5 19. Nxd7 Rxd7 20. f4
Bb4 21. Rd1 Bc6 22. c3 Be7 23. Rde1 Bb5 24. Bc2 Rc7 25. a4 Bd7 26. g4 Rfc8 27.
g5 hxg5 28. Rh2 Bf6 29. Reh1 Kf8 30. Bb6 Rc4 31. Ba5 gxf4 32. Bb4+ Rxb4 33.
Rh8+ Ke7 34. Rxc8 Bxc8 35. cxb4 g5 36. Bd3 e5 37. b5 axb5 38. Bxb5 e4 39. b4
Bc3 40. Bc6 Kd6 41. b5 g4 42. Kc2 Ba5 43. g3 fxg3 44. Rg1 f5 45. Rxg3 f4 46.
Rg1 f3 47. Be8 f2 0-1